Η μεσογειακή πολιτική της Ευρωπαϊκής Ένωσης : πτυχιακή εργασία
Αποθηκεύτηκε σε:
| Κύριος συγγραφέας: | |
|---|---|
| Μορφή: | Thesis Βιβλίο |
| Γλώσσα: | Greek |
| Δημοσίευση: |
2005.
|
| Θέματα: | |
| Ετικέτες: |
Προσθήκη ετικέτας
Δεν υπάρχουν, Καταχωρήστε ετικέτα πρώτοι!
|
MARC
| LEADER | 00000cam a2200000 i 4500 | ||
|---|---|---|---|
| 001 | 1/75469 | ||
| 008 | 050415s2005 gr | || |||| ||gre|| | ||
| 035 | |l 10077712 | ||
| 040 | |a GR-MyUa |b gre |e AACR2 | ||
| 041 | 0 | |a gre | |
| 082 | 7 | |a 327.401822 |2 (21) | |
| 100 | 1 | |a Κάνδηλα, Κατερίνα. | |
| 245 | 1 | 2 | |a Η μεσογειακή πολιτική της Ευρωπαϊκής Ένωσης : |b πτυχιακή εργασία / |c Κάνδηλα Κατερίνα ; εισηγητής: κ. Σακκάς Ιωάννης. |
| 260 | |c 2005. | ||
| 300 | |a 84 σ. ; |c 30 εκ. | ||
| 502 | |a Πτυχιακή εργασία – Πανεπιστήμιο Αιγαίου, Ρόδος, 2005. | ||
| 504 | |a Περιέχει βιβλιογραφικές αναφορές. | ||
| 610 | 2 | 0 | |a University of the Aegean |x Dissertations. |
| 650 | 0 | |a Dissertations, Academic |z Greece. | |
| 651 | 0 | |a European Economic Community countries |x Relations |z Mediterranean Region. | |
| 651 | 0 | |a Mediterranean Region |x Relations |z European Economic Community countries. | |
| 700 | 1 | |a Σακκάς, Ιωάννης Δ. |e dgs | |
| 852 | |a INST |b RHODES |c DIATR |e 20050415 |h 327.401822 ΚΑΝ |p 005400023558 |q 005400023558 |t DIE |y 23 | ||
| 852 | |a INST |b RHODES |c DIATR |e 20050415 |h 327.401822 ΚΑΝ |p 005400023559 |q 005400023559 |t DIE |y 23 | ||
| 901 | |a BIBL4-2005-2 | ||
| 924 | |a ΚΑΝΔΗΛΑ |b ΚΑΤΕΡΙΝΑ |y Ρόδος |z 2005-04 | ||
| 970 | |a Κόζα |b Μαρία |z 15/04/2005 | ||